000 00745nam a2200265Ia 4500
003 OSt
005 20220918193012.0
006 a|||||r|||| 00| 0
007 ta
008 220917b |||||||| |||| 00| 0 eng d
024 _a71,457
037 _cTextual
040 _aARTS
_cARTS
_beng
041 _2eng
_aeng
082 _aR3xM89, K8
100 _aWittgenstein Ludwig
_914974
245 0 _aPhilosophical investigations tr by G E M Anscombe
250 _a3rd
260 _aOxford
_bBlackwell UK
_c1968
300 _axi,272p.
_ccm.
650 _aMETAPHYSICS
_913358
700 _a Anscombe G E M Tr.
_934477
942 _hR3xM89, K8
_cTEXL
_2CC
999 _c197530
_d197530